Top 10 countries, in different categories (geography) - Statistics

General Stats
  • This quiz has been taken 538 times
  • The average score is 38 of 51
Answer Stats
Hint Rank Answer % Correct
Most populous urban area 9 United States
99%
Most 1m+ cities 3 United States
99%
Longest coastline 3 United States
99%
Highest mountain 1 China
98%
Most populous urban area 1 China
98%
Most 1m+ cities 1 China
98%
Highest mountain 4 India
98%
Most populous urban area 4 India
98%
Most 1m+ cities 2 India
98%
Most 1m+ cities 6 Russia
97%
Longest coastline 2 Russia
97%
Longest coastline 1 Canada
96%
Most populous urban area 8 Brazil
93%
Most 1m+ cities 4 Brazil
93%
Longest coastline 9 Brazil
93%
Most populous urban area 2 Japan
93%
Most 1m+ cities 9 Japan
93%
Highest mountain 1 Nepal
93%
Most populous urban area 3 Indonesia
92%
Most 1m+ cities 5 Indonesia
92%
Longest coastline 4 Indonesia
92%
Longest coastline 6 Australia
88%
Most populous urban area 7 Mexico
88%
Most 1m+ cities 6 Mexico
88%
Highest mountain 3 Pakistan
86%
Highest mountain 10 Argentina
84%
Longest coastline 7 Chile
84%
Most densely populated 1 Monaco
78%
Most 1m+ cities 10 Germany
74%
Most densely populated 6 Bangladesh
71%
Most 1m+ cities 8 Nigeria
71%
Most densely populated 2 Singapore
71%
Highest mountain 5 Bhutan
70%
Most populous urban area 6 South Korea
67%
Longest coastline 8 Norway
65%
Most populous urban area 5 Philippines
65%
Longest coastline 10 Philippines
65%
Most densely populated 7 Vatican City
63%
Most populous urban area 10 Egypt
62%
Highest mountain 7 Afghanistan
58%
Most 1m+ cities 10 Turkey
56%
Highest mountain 9 Kazakhstan
47%
Highest mountain 8 Kyrgyzstan
44%
Most densely populated 10 Taiwan
44%
Highest mountain 6 Tajikistan
43%
Longest coastline 5 Denmark (incl. Greenland)
38%
Most densely populated 4 Malta
34%
Most densely populated 3 Bahrain
32%
Most densely populated 5 Maldives
23%
Most densely populated 8 Lebanon
10%
Most densely populated 9 Barbados
9%
No matching quizzes found
Score Distribution
Percent of People with Each Score
Percentile by Number Answered
Your Score History
You have not taken this quiz